书目信息 |
| 题名: |
红楼梦艺术论
|
|
| 作者: | 段启明 著 | |
| 分册: | ||
| 出版信息: | 南昌 江西人民出版社 1980 |
|
| 页数: | 229页 | |
| 开本: | 19cm | |
| 丛书名: | ||
| 单 册: | ||
| 中图分类: | I207.411 , I207.4 | |
| 科图分类: | ||
| 主题词: | 文学研究-红楼梦 | |
| 电子资源: | ||
| ISBN: | ||
| 000 | 00652nam0 2200253 45 | |
| 001 | 1550785286 | |
| 005 | 20150129140655.32 | |
| 010 | @dCNY0.50 | |
| 091 | @aCN@b10110.137 | |
| 100 | @a19950410d1980 emky0chiy0121 ea | |
| 101 | 0 | @achi |
| 102 | @aCN@b360000 | |
| 105 | @ay z 000yy | |
| 200 | 10 | @a红楼梦艺术论@Ahong lou meng yi shu lun@f段启明著 |
| 210 | @a南昌@c江西人民出版社@d1980 | |
| 215 | @a229页@d19cm | |
| 605 | @a红楼梦-文学研究 | |
| 606 | @a文学研究-红楼梦 | |
| 690 | @aI207.411@v3 | |
| 690 | @aI207.4@v4 | |
| 701 | 0 | @a段启明@Aduan qi ming@4著 |
| 801 | 0 | @aCN@bTSSF@c20150129 |
| 801 | 2 | @aCN@bNLC |
| 905 | @aZUCC@dI207.4@eJY11 | |
| 红楼梦艺术论/段启明著.-南昌:江西人民出版社,1980 |
| 229页;19cm |
| ISBN :CNY0.50 |
| ● |
| 相关链接 |
|
|
|
|
正题名:红楼梦艺术论
索取号:I207.4/JY11
 
预约/预借
| 序号 | 登录号 | 条形码 | 馆藏地/架位号 | 状态 | 备注 |
| 1 | 7838461 | 278384614 | 学院路分馆/ [索取号:I207.4/JY11] | 在馆 |